| 000 | 01102nam a2200301 4500 | ||
|---|---|---|---|
| 001 | 0000013713 | ||
| 003 | CO-CtgCURN | ||
| 005 | 20250429224001.0 | ||
| 007 | ta | ||
| 008 | 160627s1998 000 0 eng d | ||
| 020 | _a9586353036 | ||
| 040 |
_aCO-CtgCURN _bspa _ccoctgcurn |
||
| 082 | 0 |
_a350.986 _bR63m |
|
| 100 | 1 | _aRodríguez Santos, Carlos Manuel. | |
| 245 | 1 | 0 |
_aManual de derecho administrativo / _cCarlos Manuel Rodríguez Santos. |
| 250 | _a2a ed. | ||
| 260 |
_aBogotá : _bLibreria del Profesional, _c1998. |
||
| 300 | _a159 p. | ||
| 336 | _2rdacontent | ||
| 337 |
_2rdamedia _asin mediacion _bn |
||
| 338 |
_2rdacarrier _avolumen _bnc |
||
| 504 | _aBibliografia (p. 159) | ||
| 505 | 8 | _aAdministración publica.--Fuentes del derecho administrativo.--Funcion administrativo.-- Acto administrativo.-- Contrato estatal.-- Derecho administrativo en Colombia.--Actos administrativos en Colombia | |
| 650 | 1 | 4 |
_aDerecho administrativo _zColombia. |
| 908 | _a160627 | ||
| 942 |
_cBK _h350.986 _iR63m _2ddc |
||
| 999 |
_c34296 _d34296 |
||